000 00535nam a2200169Ia 4500
005 20250326125159.0
008 250326s9999 xx 000 0 und d
037 _aTextbook
040 _aFMSL
_beng
_cFMSL
041 _aeng
_2eng
084 _aX(u8):75.1 L4
_qFMSL
245 0 _aTourism policy and international tourism in oecd member countries
260 _aParis
_bParis, Organisation For Economics Co-Operation And Development
_c1974
300 _a162p
942 _cTB
_hX(u8):75.1 L4
999 _c1276889
_d1276889